000 00553nam a22001817a 4500
005 20260223113621.0
008 260223b |||||||| |||| 00| 0 eng d
020 _a9781781953303
_c3952.35
040 _aMAIN
041 _aEnglish
082 _a338.5
_bMIC
100 _aDuarte, Pedro Garcia (ed)
_926390
245 _aMicro Foundations Reconsidered
_b: The Relationship of Micro And Macroeconomics in Historical Perspective
260 _aUnited State of America
_bEdward Elgar
_c2012
300 _a246
650 _aEconomics
_979
942 _cBK
999 _c60442
_d60442